Kviz o Istarskoj županiji - Statistics

General Stats
  • This quiz has been taken 12 times
  • The average score is 10 of 25
Answer Stats
Hint Answer % Correct
Slikovito otočje na kojemu su trag ostavili dinosauri, ljudi iz neolitika, Rimljani, Mlečani, benediktinci, Robert Koch, Josip Broz Tito... Brijuni
100%
Bizantski sakralni kompleks u Poreču {Eufrazijeva} bazilika
90%
Najviša istarska planina Učka
90%
Začudno selo kraj Huma s udubinama u bijeloj stijeni ispunjenima tirkiznom vodom Kotli
70%
Skupocjena gljiva čije je najveće nalazište Motovunska šuma tartuf
70%
Biskup, tiskar i hrvatski preporoditelj Juraj Dobrila
60%
Kratkotrajna rudarska socijalistička republika (1921.) {Labinska} Republika
60%
Pripovijetka Vladimira Nazora o motovunskom divu Veli Jože
60%
Kružno poljsko sklonište u tehnici suhozida; simbol Istre kažun
50%
Roženice, šurle i mih narodni {instrumenti}
50%
Najizvođeniji istarski narodni ples balun
40%
Pulski hard rock bend (Oni što dolaze za nama) Atomsko sklonište
30%
Hram nazvan po rimskom vojskovođi i caru koji je razorio Pulu pa ju ponovo sagradio {Augustov} hram
30%
Etnička grupa koja je u Istru došla u 14. st. iz današnje Rumunjske Ćiribirci
30%
Raketni inženjer i pionir astronautike (Problem svemirskog putovanja – Raketni motor) Herman Potočnik
20%
Prvi zabilježeni vampir (štrigun) u povijesti Jure Grando
20%
Novinar i čakavski pjesnik (Dragi kamen) Mate Balota
20%
Labinski protestantski teolog i filozof (Ključ Svetog Pisma) Matija Vlačić Ilirik
20%
U svoje doba najveći brod na svijetu; potonuo 1975. u Tihom Oceanu MS {Berge Istra}
20%
Vođa dotičnog ustanka; svojevremeno komunist, ustaša, čakavski književnik te zatočenik sovjetskog gulaga i ustaškog konc-logora Ante Ciliga
10%
Histarski vladar koji se ubio kako ne bi pao u ruke Rimljanima Epulon
10%
Aristotelovski filozof, astronom, astrolog, matematičar i prevoditelj s arapskog (12. st.) Herman Dalmatin
10%
Zapadnoitalski jezik s nekoliko desetaka govornika istriotski
10%
Prvi svjetski antifašistički ustanak (1921.) {Proštinska} buna
10%
Mletačko-austrijski rat koji je depopulirao veći dio Istre (1615. - 1617.) {Uskočki} rat
10%
No matching quizzes found
Score Distribution
Percent of People with Each Score
Percentile by Number Answered
Your Score History
You have not taken this quiz